Quiz Flags of the U.S. States - Statistics

General Stats
  • This quiz has been taken 14 times
  • The average score is 30 of 50
Answer Stats
Picture Answer % Correct
Arkansas
91%
California
91%
Illinois
82%
Iowa
82%
Montana
82%
Arizona
73%
Kansas
73%
New York
73%
Oklahoma
73%
Texas
73%
Alabama
64%
Alaska
64%
Colorado
64%
Connecticut
64%
Florida
64%
Hawaii
64%
Idaho
64%
Massachusetts
64%
Minnesota
64%
New Jersey
64%
New Mexico
64%
North Carolina
64%
North Dakota
64%
Ohio
64%
Oregon
64%
Delaware
55%
Maine
55%
Maryland
55%
Mississippi
55%
Missouri
55%
Pennsylvania
55%
Rhode Island
55%
South Carolina
55%
South Dakota
55%
Tennessee
55%
Vermont
55%
Wisconsin
55%
Georgia
45%
Indiana
45%
Kentucky
45%
Louisiana
45%
Michigan
45%
Nebraska
45%
Nevada
45%
New Hampshire
45%
Utah
45%
Virginia
45%
Washington
45%
West Virginia
45%
Wyoming
36%
No matching quizzes found
Score Distribution
Percent of People with Each Score
Percentile by Number Answered
Your Score History
You have not taken this quiz